01008nam a22002417a 45000010005000000030006000050050017000110080041000280200018000690400029000870500017001160820011001331000027001442450077001712600043002483000059002915050007003505200307003575210019006645210018006836500033007017000032007349252FISKH20251205111116.0251205b cb ||||| |||| 00| 0 eng d a9780768101072 aFISKHbengcFISKHdFISKH aQL666.O6 N53 a597.96 aNicholas, Christopher  aSnakes! / cWritten by Christopher Nicholas ; Illustrated by Mike Maydak aNew York : bMcClanahan Book, c1999.  a24 unnumbered pages : bcolor illustrations ; c21 cm aP  aEver wondered how snakes can swallow and digest an entire animal whole, bones and all? Or which snakes squeeze the life out of their victims? Explore this exciting book for answers to questions you'll be glad we asked -- plus dozens of amazing facts and lots of colorful, action-packed illustrations.--8 a620 bLexile 8 aP bRaz-Plus  aKnow it alls snakesvAnimals aMaydak, Mike eillustrator